Statistics for Feels Like Lyrics

Click here to take the quiz!

General Stats

  • This quiz has been taken 3 times
  • The average score is 142 of 232

Answer Stats

HintAnswer% Correct
a
100%
almost
100%
and
100%
BridgeAnd
100%
away
100%
close
100%
cut
100%
got
100%
I
100%
it
100%
Verse 1 | Verse 2Oh
100%
the
100%
we
100%
alone
50%
alright
50%
apartment
50%
at
50%
be
50%
been
50%
bit
50%
called
50%
'cause
50%
choke
50%
city's
50%
clothes
50%
cold
50%
conneticut
50%
couldn't
50%
couple
50%
this
50%
do
50%
don't
50%
enough
50%
feels
50%
funny
50%
getting
50%
have
50%
hours
50%
if
50%
i'm
50%
in
50%
is
50%
it's
50%
i've
50%
know
50%
leave
50%
left
50%
like
50%
living
50%
loud
50%
matched
50%
me
50%
met
50%
miss
50%
movie
50%
need
50%
nights
50%
of
50%
off
50%
only
50%
our
50%
out
50%
phone
50%
playing
50%
right
50%
scared
50%
should
50%
some
50%
sometimes
50%
stayed
50%
this
50%
(ah)This
50%
throw
50%
time
50%
to
50%
towers
50%
train
50%
trying
50%
wanted
50%
was
50%
watched
50%
we'll
50%
we've
50%
what
50%
whatever
50%
work
50%
would
50%
you
50%
your
50%
feels
0%

Score Distribution

Percentile by Number Answered

Percent of People with Each Score

Your Score History

You have not taken this quiz